000 00440nam a2200157Ia 4500
999 _c19302
_d19302
003 OSt
005 20200609094217.0
008 190216s9999||||xx |||||||||||||| ||und||
040 _coclc
082 _a320.9
_bGRO/R
100 _aGrover, B L
_92648
245 0 _aRastreeyasindhanta Charitram /
_cB L Grover
260 _bNational Book Stall,
_c1990.
300 _a340p
942 _cBK
_2ddc
_h320.9
_iGRO/R
_k320.9
_mGRO/R